000 00555nam a2200169Ia 4500
003 GCL
008 140319s9999 xx 000 0 ara d
040 _aGCL /
_cGCL
082 0 4 _a217
_bع ا
100 1 _aحسن زكريا فليفل
245 1 0 _aانما المؤمنون اخوة. الاخوة الاسلامية /
_cحسن زكريا فليفل
260 _a[S.N] :
_bمكتبة الايمان للطبع والنشر والتوزيع ،
_c1989
300 _a64 ص
490 _a
650 0 4 _aالدعوة الاسلامية
942 _2ddc
_cBK
999 _c51600
_d51600